Ortega y Gasset en la cultura hispanoamericana / (Record no. 11340)

MARC details
000 -LEADER
campo de control de longitud fija 00863nam a2200265 i 4500
001 - NÚMERO DE CONTROL
campo de control 11340
003 - IDENTIFICADOR DE NÚMERO DE CONTROL
campo de control ES-MaACL
005 - FECHA Y HORA DE LA ÚLTIMA TRANSACCIÓN
campo de control 20250804043844.0
007 - CAMPO FIJO DE DESCRIPCIÓN FÍSICA--INFORMACIÓN GENERAL
campo de control de longitud fija t|
008 - DATOS DE LONGITUD FIJA--INFORMACIÓN GENERAL
campo de control de longitud fija 960418s1994 mx |||| |dspa d
020 ## - NÚMERO INTERNACIONAL ESTÁNDAR DEL LIBRO
Número Internacional Estándar del Libro 968-16-4251-1
080 ## - NÚMERO DE LA CLASIFICACIÓN DECIMAL UNIVERSAL
Número de la Clasificación Decimal Universal 1 Ortega y Gasset, José:1(8=134.2)"19"
100 1# - ENTRADA PRINCIPAL--NOMBRE DE PERSONA
Nombre de persona Medin, Tzvi.
9 (RLIN) 79686
245 10 - MENCIÓN DEL TÍTULO
Título Ortega y Gasset en la cultura hispanoamericana /
Mención de responsabilidad, etc. Tzvi Medin.
250 ## - MENCION DE EDICION
Mención de edición 1ª ed.
260 ## - PUBLICACIÓN, DISTRIBUCIÓN, ETC.
Lugar de publicación, distribución, etc. México :
Nombre del editor, distribuidor, etc. Fondo de Cultura Económica,
Fecha de publicación, distribución, etc. 1994.
300 ## - DESCRIPCIÓN FÍSICA
Extensión 318 p. ;
Dimensiones 23 cm.
490 1# - MENCIÓN DE SERIE
Mención de serie Sección de obras de filosofía
504 ## - NOTA DE BIBLIOGRAFÍA, ETC.
Nota de bibliografía, etc. Bibliografía: p. 307-318.
600 17 - PUNTO DE ACCESO ADICIONAL DE MATERIA--NOMBRE DE PERSONA
Nombre de persona Ortega y Gasset, José,
Fechas asociadas al nombre 1883-1955-
Subdivisión general Influencia
Fuente del encabezamiento o término
9 (RLIN) 143079
650 #7 - PUNTO DE ACCESO ADICIONAL DE MATERIA--TÉRMINO DE MATERIA
Término de materia o nombre geográfico como elemento de entrada Filosofía-
Subdivisión geográfica América Latina-
Subdivisión cronológica S.XX
Fuente del encabezamiento o término
9 (RLIN) 138326
830 1# - PUNTO DE ACCESO ADICIONAL DE SERIE-TÍTULO UNIFORME
Título uniforme Sección de obras de filosofía
9 (RLIN) 178631
852 ## - LOCALIZACIÓN
Ubicación ES-MaACL
Número de control de estantería L-18686
Holdings
Estatus retirado Estado de pérdida Estado de daño No para préstamo Biblioteca de origen Biblioteca actual Ubicación en estantería Fecha de adquisición Fuente de adquisición Total de préstamos Signatura topográfica completa Código de barras Visto por última vez Precio de reemplazo Tipo de ítem Koha
        Biblioteca del Ateneo de Madrid Biblioteca del Ateneo de Madrid Depósito 2 17/01/2008     L-18686 1011563 23/02/2023 23/02/2023 Libro impreso